MDQL
is popping MORE tags! Check the
thread
!
Quizzes
Events
Quiz Creation
Community
Videos
Private Events
Remove Ads
Sign In
Join for FREE
Feedback
Dark Mode
Quiz Categories
Sports
Geography
Music
Movies
Television
Just For Fun
Miscellaneous
History
Literature
Language
Science
Gaming
Entertainment
Religion
Holiday
For Kids
Quiz Lab
Recent
Popular Today
Quiz Kudos Today
Editor Picks
Curator Picks
Quizzes by...
Day
Popularity
Type
Ratings
Length
Year
Community
Subscriptions
Recent Discussions
Orange Saloon
Badges
Playlists
Quests
Create
Leaderboards
Showdown
Live 5
Trivia Bingo
Activity
Puzzle Library
Sporcle Events
Private Events
Virtual Trivia
Globe League
Become a Host
Pub Owners
SporcleCon
Opinionation
Our Games
Videos
Blog
Mobile Apps
Partnerships
Remove Ads and Go Orange
Feedback
Sports
Athletes
MLB
NBA
NHL
NFL
Soccer
Sports Teams
WWE
NCAA
Football
Premier League
Basketball
Baseball
Hockey
Golf
Tennis
Cricket
Rugby
Auto Racing
Olympics
World Cup
Sports
Athletes
MLB
NBA
NHL
NFL
Soccer
Sports Teams
WWE
NCAA
Football
Premier League
Basketball
Baseball
Hockey
Golf
Tennis
Cricket
Rugby
Auto Racing
Olympics
World Cup
Random Quiz
Search Sporcle
×
Quiz Lab
Quiz Lab
Sports
Basketball
Type in answers that appear in a list
Type in answers that appear in a list
Classic
Best Score? Go Orange.
Ultimate NBA Draft 1st Round Stats
Can you name the last 5 first round draft picks for each team?
By
scotpollard66
15m
150 Questions
599 Plays
599 Plays
599 Plays
Comments
Comments
Give Quiz Kudos
Give Quiz Kudos
-
- Ratings
hide this ad
More Info
Replay
Link that replays current quiz
Next Quiz
Link to next quiz in quiz playlist
You Got
0%
They Got
Avg Score
43%
Avg Friend Score
Upgrade to see
Score Distribution
Jump to the score distribution portion of the page
Score
0/150
Timer
15:00
0
Plays Today
% Correct
LeBron James
83%
Damion James
82.1%
Shelden Williams
76.1%
Frank Williams
76.1%
Shawne Williams
76.1%
T. Williams
76.1%
Elliot Williams
76.1%
James Johnson
74.5%
Wesley Johnson
74.5%
Derrick Rose
69.4%
Al Horford
68.6%
Joakim Noah
68.3%
Stephen Curry
67.3%
John Wall
66.6%
Blake Griffin
65.8%
Jeff Green
65.1%
Gerald Green
65.1%
Josh Howard
62.8%
Dwight Howard
62.8%
Acie Law
62.3%
DeMarcus Cousins
62.3%
Ed Davis
62.1%
Michael Beasley
61.8%
Dwyane Wade
61.1%
Jason Smith
60.3%
Leon Smith
60.1%
Evan Turner
60.1%
Eric Gordon
59.8%
Carmelo Anthony
58.8%
Brook Lopez
58.4%
Robin Lopez
58.4%
Jarrett Jack
58.3%
Greg Monroe
58.3%
Andrew Bogut
58.1%
Jordan Hill
57.4%
George Hill
57.4%
Lazar Hayward
57.4%
Gordon Hayward
57.4%
Tyreke Evans
56.3%
Greg Oden
55.8%
Luke Jackson
55.3%
Andrew Bynum
54.6%
Danny Granger
54.3%
Dominique Jones
54.3%
Andrea Bargnani
53.8%
T. Hansbrough
53.6%
James Harden
52.9%
Danilo Gallinari
52.3%
Avery Bradley
52.1%
Taj Gibson
51.9%
% Correct
James Anderson
51.9%
Yi Jianlian
51.8%
Ryan Anderson
51.8%
Shannon Brown
51.1%
J.J. Redick
50.8%
Courtney Lee
50.6%
Derrick Favors
50.1%
Paul George
49.9%
Jeff Teague
49.6%
G. Henderson
49.6%
J.J. Hickson
49.2%
Jameer Nelson
49.2%
Rodney Stuckey
49.2%
A. Aminu
49.1%
DeMar DeRozan
48.7%
Darren Collison
48.2%
D.J. Augustin
48.1%
Ty Lawson
47.4%
Jordan Farmar
47.1%
Greivis Vasquez
47.1%
Fran Vasquez
47.1%
Aaron Brooks
46.6%
Jason Thompson
46.6%
Ekpe Udoh
46.6%
Patrick Patterson
45.9%
Randy Foye
44.9%
Joe Alexander
44.7%
Jordan Crawford
44.4%
Ronnie Brewer
44.2%
Rudy Gay
43.6%
Jrue Holiday
43.6%
Eric Maynor
42.6%
Eric Bledsoe
42.6%
Nick Young
41.6%
Wilson Chandler
41.4%
Omri Casspi
40.9%
Etan Thomas
40.6%
Daniel Orton
40.2%
Al Thornton
40.1%
Brandan Wright
39.9%
Julian Wright
39.9%
Rudy Fernandez
39.9%
Dorell Wright
39.7%
Jared Dudley
39.4%
Cole Aldrich
39.4%
Wayne Ellington
38.6%
Austin Daye
37.9%
H. Thabeet
37.9%
D.J. White
37.2%
B. Jennings
37.2%
% Correct
Earl Clark
36.9%
Sasha Vujacic
36.2%
A. Randolph
36.1%
Larry Sanders
35.2%
Roy Hibbert
34.2%
Spencer Hawes
33.9%
Trevor Booker
33.7%
Mardy Collins
33.6%
Tiago Splitter
32.7%
Xavier Henry
31.9%
Arron Afflalo
31.7%
Patrick O'Bryant
31.7%
Luke Babbitt
31.7%
Renaldo Balkman
31.4%
Alando Tucker
31.4%
Toney Douglas
31.2%
Quincy Pondexter
30.2%
Luther Head
30.1%
M. Speights
28%
Brandon Rush
27.4%
Marco Belinelli
27.2%
Julius Hodge
26.9%
J.R. Giddens
26.7%
Darrell Arthur
26.5%
Daequan Cook
26.5%
Craig Brackins
25.7%
Nicolas Batum
25.2%
Kosta Koufos
25.2%
B.J. Mullens
24.5%
DeMarre Carroll
24.5%
Kevin Seraphin
24.4%
JaVale McGee
22.4%
J. Crittenton
21.4%
Joey Graham
21.4%
Jerryd Bayless
20.9%
Alexis Ajinca
19.5%
R. Beaubois
18.5%
Wayne Simien
17.4%
Christian Eyenga
15.5%
Maurice Ager
15.5%
Morris Almond
15.5%
Sergio Rodriguez
15.5%
Yaroslav Korolev
14.2%
Cedric Simmons
12.7%
Beno Udrih
12.4%
Joel Freeland
11.5%
O. Pecherov
9%
Ian Mahinmi
8.3%
Victor Claver
7.7%
Petteri Koponen
2.7%
Quiz Playlist
Details
Report
Send in Message
Add To Playlist
More Info:
Picks are in order from most recent to least recent. Players who were traded on draft day are listed with the teams that originally drafted them.
Classic:
Type in answers that appear in a list
Quiz Source
Last Updated: Feb 16, 2017
Quiz Scoreboard
CHALLENGE
Sign Up to Join the Scoreboard
Show All
Scores
Hide
Comments
May contain spoilers
Recently Published
Find the 'City' Movie
by crazypaving
Movies
60s
5x2 Blitz: Bands
by SL_Kpop136
Music
30s
Colored Red Africa Blitz
by spor1
Geography
30s
More to Explore
Quiz From the Vault
Featured Blog Post
14 Easter Pick-up Lines to Find Eggs With
hide this ad
You Might Also Like...
Tags
Basketball Quiz
NBA Quiz
Draft
last
round
team
ultimate
Today's Top Quizzes in Sports
Browse Sports
hide this ad
Today's Top Quizzes in Basketball
Browse Basketball
Top Contributed Quizzes in Sports
1
Players with Multiple 50 Home Run Seasons
2
Les entraîneurs de l'OM et du PSG au 21e siècle
3
Criteria MLB: Left Handed Sluggers
4
2022 World Cup Stars
5
Les meilleurs buteurs des matchs entre le PSG et l’OM
6
Who Hit More Homers?
7
Les joueurs passés par le PSG et l'OM
8
NBA Logic Puzzle 2.0
9
Top 10 NHL Goal Scorers of All Time
10
MLB Players with Two .350 Batting Average Seasons
Explore More
Trending Topics
Disney
Kpop
Marvel
Crossword
NBA
Anime
Harry Potter
WWE
Song
NFL
Pokémon
Puzzle
The Office
Soccer
Country
hide this ad
More By:
scotpollard66
Quiz
Plays
Rating
Category
Featured
Created
Ultimate NFL Draft First Round
11,802
4.48
Sports
Apr 22, 2010
NBA Draft Top 10 Alma Maters (00-09)
11,483
3.73
Sports
Aug 21, 2010
NBA 09-10 Leaders: A Different Look
9,135
4.57
Sports
Apr 27, 2010
NFL Receivers' Favorite QB (2000s)
7,767
4.51
Sports
May 2, 2010
NBA 10-11 Leaders: A Different Look
7,487
4.51
Sports
May 12, 2011
Go to Creator's Profile
Score Distribution
Quiz Creator Spotlight
scotpollard66
Follow
Send a Message
Quizzes Created
-
Created Quiz Play Count
-
More By This Creator
Popular Quizzes Today
1
Colored Red Africa Blitz
2
Find the 'City' Movie
3
Find the US States - No Outlines Minefield
4
5x2 Blitz: Bands
5
The Countries of the World
6
Find the US States
7
US States
8
9x9 Crossword: Cartoon Network
More Sports Quizzes
'The Guardian's Best Male Footballers 2017
Quiz Lab
Trending Quizzes
Colored Red Europe Blitz I
Colored Red Europe Blitz II
Colored Red Africa Blitz II
Colored Red Europe Blitz III
Colored Red Africa Blitz III
Recently Updated
How Do You Spell That?
pecheneg
Godzilla Movies
pecheneg
Grab Bag: 4-10 Letters
pecheneg
2024 March Madness Bracket
pecheneg
Famous TV Couples
Peacemaker
Champions League XIs: Real Madrid
pecheneg
Largest US Cities 1790-2010
pecheneg
Rides in Walt Disney World
pecheneg
Most Oscar Losses (Acting)
pecheneg
Beyoncé Albums
pecheneg
Trending Topics
Anime
Marvel
Kpop
NBA
Harry Potter
Crossword
Disney
Song
Soccer
Puzzle
NFL
Country
The Office
Pokémon
WWE
Your Account Isn't Verified!
In order to create a playlist on Sporcle, you need to verify the email address you used during registration. Go to your
Sporcle Settings
to finish the process.
Report this User
Report this user for behavior that violates our
Community Guidelines
.
Details:
Send Report
Go to the Sporcle.com Mobile Site →
Comments